| 000 | 00315cam a22000977a 4500 | ||
|---|---|---|---|
| 008 | 180718b1955 xxu||||| |||| 00| 0 eng d | ||
| 082 | _al25009x5421 | ||
| 245 | _aGradation list of officers of the excise department, Uttar Pradesh | ||
| 260 |
_aAllahabad _bSuperintendent, Printing and Stationery _c1955 |
||
| 300 | _a27+p. | ||
| 999 |
_c429377 _d429377 |
||